Mort subite Les stations du métro parisien (2) - Statistiques

Statistiques générales
  • Ce quiz a été pris 142 fois
    132 depuis la dernière actualisation
  • Le résultat moyen est 4 sur 19
Answers on the Grid
Answers color-coded by a green-red scale on the quiz's grid according to % correct below.
On le dit bleu
On y enseigne en uniforme
Enlevée par Zeus
Mort dans les bras de sa connaissance
Joie
Célèbre prix littéraire
Mairie
Handicapés
Fleur odorante
Assassiné en 1914
Fleuve sacré
Y
Elle ne parle pas
Terme de devise
Ville belge du café
Doit être pacifique
On n'y met pas le pique-nique
Période de 1936
Auteur de "Liberté"
Célèbre groupe de chasse franco-russe
Du 6 juin 1944 au 8 mai 1945
Auteur de la Chanson pour l'Auvergnat
Il a écrit la Comédie humaine
On y met habituellement des oeufs
Auteur de Paroles
Prénom de Crockett
Capitale ou pays européen
J'suis un p'tit gars plombier-zingueur... qui va à...
Ancien aéroport de Paris
Blindés
Oiseaux blancs
Fromage à pâte molle
Géant mythologique
Travaille avec l'argent
Massif du Mont Blanc
Fleurs de bouquet
Prénom cher à Johnny
Général clermontois
Lieu de pèlerinage à la cathédrale célèbre
Ici, il ne s'agit pas du prénommé Luc
 
Statistiques - réponses
Réponse % Correct
Hôtel de ville Mairie
40%
La Muette Elle ne parle pas
38%
Invalides Handicapés
37%
Jaurès Assassiné en 1914
31%
Goncourt Célèbre prix littéraire
31%
Ligne 24 Luxembourg Capitale ou pays européen
28%
Liège Ville belge du café
28%
Jasmin Fleur odorante
24%
Gaîté Joie
23%
Ecole militaire On y enseigne en uniforme
19%
Front populaire Période de 1936
14%
Jourdain Fleuve sacré
8%
Europe Enlevée par Zeus
7%
Félix Faure Mort dans les bras de sa connaissance
6%
Danube On le dit bleu
6%
Liberté Terme de devise
5%
La Fourche Y
5%
Glacière On n'y met pas le pique-nique
3%
La Défense Doit être pacifique
2%
Aucun quiz correspondant
Distribution des résultats
% des personnes avec chaque résultat
Percentile par nombre de réponses
Votre historique - résultats
Vous n’avez pas pris ce quiz depuis la dernière actualisation